000 00480nmm a2200169Ia 4500
008 251105s9999||||xx |||||||||||||||||und||
020 _a9789681658533
041 _aspa
100 _ade Molina, Tirso
245 0 _aEl burlador de Sevilla, I
264 _a[México D.C., Mexico] :
_bFondo de Cultura Económica,
_c1998
300 _a72 páginas
490 _aFondo 2000
650 _aSpanish theater
856 _uhttps://public.digitaliapublishing.com/a/64243
942 _cCF
999 _c96887
_d96887